000
00236 a2200097 4500
001
54448
100
_a
245
_a
Introduction to aircraft performance
260
_a
Reston, VA
_b
AIAA,Reston, VA
_c
1997
090
_c
33891
_d
33891
942
_a
NUST-CAE
_c
MONOGRAPH
_c
26548
999
_c
289521
_d
289521